000 00561nam a2200181 i 4500
001 44054
003 ES-MaACL
005 20230906160938.0
007 t|
008 030320s1933 sp ||||1| spa d
245 0 0 _aCatálogo
_b: Museo del Prado /
_cadvertencia de F. J. Sánchez Cantón.
260 _aMadrid :
_b[s.n.],
_c1933 (
_fBlass)
300 _aXXI, 909 p. ;
_c18 cm.
700 1 _aSánchez Cantón, Francisco Javier,
_d1891-1971
_9102521
710 2 _aMuseo Nacional del Prado.
_9160001
852 _aES-MaACL
_jB-8420
999 _c44054
_d44054